• 首页
  • 本馆介绍
  • 公告通知
  • 最新文献
  • 馆藏检索
  • 电子资源
  • 读者导购
  • 参考咨询
  • 我的图书馆
  • 登录
  • 详细信息显示
  • 放入我的书架
  • 预约/预借图书
  • 作者相关作品
  • 分类相关作品
  • 丛书相关作品
  • 出版社相关作品

书目信息

  • 表格格式
  • 工作单格式
  • 卡片格式
题名:
蓄电池的使用和维护
    
 
作者: ;湖南省邮电管理局蓄电池的使用和维护编写组 编
分册:  
出版信息: 北京   人民邮电出版社  1975
页数: 255页
开本: 19cm
丛书名:
单 册:
中图分类: TM912
科图分类:
主题词: 蓄电池--维修 , 蓄电池--使用
电子资源:
ISBN: 15045.总2031-有514
000 00809nam0 2200241 450
001 000531481
005 20120905085357.0
010    @a15045.总2031-有514@dCNY0.65
091    @a15045.总2031-有514
100    @a20120905d1975 em y0chiy0121 ea
101 0  @achi
102    @aCN@b110000
105    @aak z 000yy
106    @ar
200 1  @a蓄电池的使用和维护@9Xu Dian Chi De;Di Shi Yong He;Huo;Hu Wei Hu @f湖南省邮电管理局《蓄电池的使用和维护》编写组
210    @a北京@c人民邮电出版社@d1975
215    @a255页@c图@d19cm
606 0  @a蓄电池@x维修
606 0  @a蓄电池@x使用
690    @aTM912@v2
711 02 @a湖南省邮电管理局蓄电池的使用和维护编写组@9hu nan sheng you dian guan li ju xu dian chi de shi yong he wei hu bian xie zu@4编
801  0 @aCN@bAzMarc@c20130904
905    @aBZT@dTM912@e6@f1@sTM912/6
    
    蓄电池的使用和维护/湖南省邮电管理局《蓄电池的使用和维护》编写组.-北京:人民邮电出版社,1975
    255页:图;19cm
    
    
    ISBN 15045.总2031-有514:CNY0.65
    
●
相关链接 在五车中查询图书 在当当中查询图书 在豆瓣中查询图书


正题名:蓄电池的使用和维护     索取号:TM912/6         预约/预借

序号 登录号 条形码 馆藏地/架位号 状态 备注
1 2000107831   2000107831   旧书回溯/ [索取号:TM912/6] 在馆    
山东省滨州职业学院图书馆 欢迎您!
大连网信软件有限公司© 版权所有